Normal view
MARC view
Entry Personal Name
001 - CONTROL NUMBER
- control field: 88337
003 - CONTROL NUMBER IDENTIFIER
- control field: dpl
005 - DATE AND TIME OF LATEST TRANSACTION
- control field: 20260311162729.0
008 - FIXED-LENGTH DATA ELEMENTS
- fixed length control field: 260311|| aca||aabn | a|a d
040 ## - CATALOGING SOURCE
- Original cataloging agency: dpl
- Transcribing agency: dpl
100 ## - HEADING--PERSONAL NAME
- Personal name: गगन प्रताप
670 ## - SOURCE DATA FOUND
- Source citation: Work cat.: (dpl)215069: गगन प्रताप, एसएस.सी मैथ्स -दा कम्पलीट कोचिंग/
